Načítá se...

Diego Rivera: Murals for the museum of modern art/

Podrobná bibliografie
Hlavní autoři: Leah Dickerman, Anna Indych-Lopez
Médium: Printed Book
Vydáno: New York: The Museum of Modern Art, 2011.
Témata:
LEADER 00713nam a22001937a 4500
020 |a 9780870708176 
082 |a 759.972  |b LEA/D 
100 |a Leah Dickerman  |9 179724 
100 |a Anna Indych-Lopez  |9 179725 
245 |a Diego Rivera:  |b Murals for the museum of modern art/  |c by Leah Dickerman and Anna Indych-Lopez 
260 |a New York:  |b The Museum of Modern Art,  |c 2011. 
300 |a 148p. 
650 |a Painting Diego Rivera  |9 179726 
650 |a Painting Mexico  |9 179727 
650 |a Painting   |9 179728 
650 |a Arts  |9 179729 
942 |c BK 
999 |c 143060  |d 143060 
952 |0 0  |1 0  |4 0  |6 R_759_972000000000000_LEA_D  |7 0  |9 99293  |a SSUS  |b SSUS  |c REF  |d 2019-10-01  |g 2290.41  |o R 759.972 LEA/D  |p 096444  |r 2019-10-01  |w 2019-10-01  |y REF